| 000 | 01289nab a22002897a 4500 | ||
|---|---|---|---|
| 999 |
_c5367 _d5367 |
||
| 003 | OSt | ||
| 005 | 20250312062538.0 | ||
| 008 | 190603e xxum|||| |||| 00| 0 spa d | ||
| 040 | _cPJ-TDF | ||
| 100 |
_aLeonardi, Juan Manuel _95456 |
||
| 245 | 1 | 3 |
_aDaño causado al hijo por falta de reconocimiento / _cJuan Manuel Leonardi. |
| 260 |
_cCiudad Autónoma de Buenos Aires : _aThomson Reuters La Ley, _b2024. |
||
| 300 | _ap. 139-148 | ||
| 500 | _aCita: TR LALEY AR/DOC/2344/2024. | ||
| 505 | _a Sumario: I. Introducción.— II. Incidencia de la conducta de la madre.— III. La demora del hijo en promover el juicio de filiación.— IV. La deducción de su porcentaje hereditario. | ||
| 505 | _t¿Te interesa el texto completo? Solicitalo al correo: koha@justierradelfuego.gov.ar | ||
| 650 | 0 |
_92741 _aDERECHOS DE LAS NIÑAS, NIÑOS Y ADOLESCENTES |
|
| 650 | 0 |
_92345 _aDERECHO A LA IDENTIDAD |
|
| 650 | 0 |
_91004 _aFILIACION |
|
| 650 | 0 |
_92522 _aABUSO DEL DERECHO |
|
| 650 | 0 |
_9888 _aSUCESIONES |
|
| 650 | 0 |
_91467 _aRESPONSABILIDAD CIVIL |
|
| 650 | 0 |
_92823 _aDAÑOS Y PERJUICIOS |
|
| 650 | 0 |
_91084 _aHEREDEROS |
|
| 773 | 0 |
_02713 _93170 _dCiudad Autónoma de Buenos Aires : Thomson Reuters La Ley, 2015- _tRevista Código Civil y Comercial. Nº 6 - Diciembre 2024 |
|
| 942 |
_2udc _cANA |
||